000 00238nam a2200097Ia 4500
001 687454
005 20250826161556.0
008 250824s9999 xx 000 0 und d
245 0 _aNUN GELİNCE
_cSEZA KUTLAR AKSOY
260 _bTUDEM YAYINLARI
999 _c687454
_d687454